[Event "Open"]
[Site "Bunratty IRL"]
[Date "2000.02.12"]
[Round "3"]
[White "Collins,S"]
[Black "Orr,M"]
[Result "1-0"]
[WhiteElo "2130"]
[BlackElo "2309"]

1.e4 e6 2.d4 d5 3.Nd2 Be7 4.e5 c5 5.Qg4 g6 6.dxc5 Bxc5 7.Nb3 Be7 8.Nf3 Nc6
9.c3 h5 10.Qg3 h4 11.Qf4 Qc7 12.Bb5 Bd7 13.Bxc6 bxc6 14.c4 Nh6 15.O-O Nf5
16.cxd5 cxd5 17.Bd2 a5 18.Rac1 Qb6 19.Bc3 Kf8 20.Nbd4 Nxd4 21.Bxd4 Qd8 22.h3 Kg7
23.Be3 Rh5 24.Nh2 Bb5 25.Rfe1 Bg5 26.Qd4 Bxe3 27.Rxe3 Rc8 28.Rxc8 Qxc8 29.Rc3 Qd8
30.Ng4 Rh8 31.Nf6 a4 32.Rf3 Qc7 33.Kh2 Qc4 34.Qa7 Rf8 35.Qe7 Qd4 36.Nh5+ gxh5
37.Qg5+ Kh8 38.Qxh5+ Kg7 39.Qg5+ Kh8 40.Rf4 Qxf4+ 41.Qxf4 Bc4 42.Qxh4+ Kg8
43.b3 axb3 44.axb3 Bb5 45.Qg5+ Kh7 46.Qe7 Kg8 47.Qc5 Bd3 48.Qd4 Bg6 49.h4 Rb8
50.b4 Rc8 51.b5 Rc4 52.Qa7 Rxh4+ 53.Kg3 Rb4 54.b6 d4 55.b7  1-0

[Event "Open"]
[Site "Bunratty IRL"]
[Date "2000.02.12"]
[Round "3"]
[White "Brady,S"]
[Black "Ryan,J"]
[Result "1-0"]
[WhiteElo "2310"]
[BlackElo "2291"]

1.e4 e6 2.d4 d5 3.Nd2 Be7 4.e5 c5 5.Qg4 g5 6.Qh5 cxd4 7.Ngf3 Nc6 8.Nb3 h6
9.Nbxd4 Nxd4 10.Nxd4 Qc7 11.Bb5+ Bd7 12.Qe2 Bc5 13.Bxd7+ Qxd7 14.Nb3 Bb6
15.Be3 Qc6 16.Bxb6 Qxb6 17.O-O-O Ne7 18.h4 O-O-O 19.Nd4 Ng6 20.h5 Ne7 21.Rh3 Nf5
22.Rc3+ Kb8 23.Nc6+ bxc6 24.Rb3 Kc7 25.Rxb6 axb6 26.Rd3 Ra8 27.a3 Ra4 28.b4 c5
29.c4 dxc4 30.Rf3 Rd8 31.Qxc4 Kb7 32.Qb5 Ra6 33.g4 cxb4 34.gxf5 bxa3 35.fxe6 f5
36.Rc3 Ra5 37.Qc6+ Ka6 38.Qc4+  1-0

[Event "Petroff Mem Open"]
[Site "St Petersburg RUS"]
[Date "2000.02.12"]
[Round "5"]
[White "Varavin,V"]
[Black "Iljushin,A"]
[Result "1-0"]
[WhiteElo "2410"]
[BlackElo "2515"]

1.e4 e6 2.d4 d5 3.Nd2 a6 4.Ngf3 c5 5.c3 Nc6 6.Bd3 cxd4 7.cxd4 Nf6 8.e5 Nd7
9.O-O Be7 10.Nb3 a5 11.a4 Nb4 12.Bb1 b6 13.Re1 Ba6 14.Bd2 Rc8 15.Nc1 Nf8
16.Ra3 g5 17.h3 h5 18.Rc3 Rc4 19.Ne2 Rg8 20.Nh2 Qd7 21.Rg3 Rc7 22.Nc3 h4
23.Rf3 Qc6 24.Ng4 Rg7 25.Nf6+ Bxf6 26.exf6 Rg8 27.Rf5 g4 28.hxg4 Kd8 29.Rg5 Rxg5
30.Bxg5 Qc4 31.Bh6 Nd7 32.Bf4 Rc8 33.g5 Nd3 34.Bxd3 Qxd3 35.Qh5  1-0

[Event "FSGM February"]
[Site "Budapest HUN"]
[Date "2000.02.13"]
[Round "9"]
[White "Szabo,Zso2"]
[Black "Yu Shaoteng"]
[Result "0-1"]
[WhiteElo "2429"]
[BlackElo "2535"]

1.e4 e6 2.d4 d5 3.Nd2 Be7 4.Ngf3 Nf6 5.Bd3 c5 6.e5 Nfd7 7.c3 Nc6 8.O-O a5
9.Re1 cxd4 10.cxd4 Qb6 11.Qa4 Qb4 12.Bb5 Qxa4 13.Bxa4 Nb6 14.Bd1 Bd7 15.Nb3 a4
16.Nbd2 O-O 17.Nb1 Rfc8 18.Na3 Nb4 19.Be2 Nc4 20.Rd1 Bf8 21.Ne1 h6 22.g3 b6
23.Kg2 Ra7 24.h4 Rac7 25.Nd3 Nxa3 26.Nxb4 Nb5 27.Bxb5 Bxb5 28.a3 Bxb4 29.axb4 Rc2
30.Rb1 R8c4 31.Be3 Rxb4 32.Rd2 Rxd2 33.Bxd2 Rxd4 34.Be3 Rb4 35.Bxb6 a3 36.b3 Bd3
37.Bc5 Rb5  0-1

[Event "Petroff Mem Open"]
[Site "St Petersburg RUS"]
[Date "2000.02.13"]
[Round "6"]
[White "Deviatkin,A"]
[Black "Popov,Val"]
[Result "1/2-1/2"]
[WhiteElo "2410"]
[BlackElo "2534"]

1.e4 e6 2.d4 d5 3.Nd2 Be7 4.Ngf3 Nf6 5.Bd3 dxe4 6.Nxe4 Nbd7 7.Nxf6+ Nxf6
8.O-O O-O 9.Ne5 c5 10.dxc5 Bxc5 11.Bg5 h6 12.Bh4 Qd4 13.Nf3 Qxb2 14.Rb1 Qxa2
15.Bxf6 gxf6 16.Ne5 Qd5 17.Qg4+ Kh8 18.Qh4 Kg7  1/2-1/2

[Event "FSGM February"]
[Site "Budapest HUN"]
[Date "2000.02.14"]
[Round "10"]
[White "Yu Shaoteng"]
[Black "Hoang Thanh Trang"]
[Result "1/2-1/2"]
[WhiteElo "2535"]
[BlackElo "2448"]

1.e4 e6 2.d4 d5 3.Nd2 Be7 4.Bd3 c5 5.dxc5 Nf6 6.Qe2 Bxc5 7.Ngf3 Nc6 8.a3 O-O
9.O-O Be7 10.c4 Re8 11.b4 dxe4 12.Nxe4 e5 13.Bb2 Bg4 14.Nxf6+ gxf6 15.Qe3 Bf8
16.b5 Ne7 17.Nh4 Ng6 18.Qg3 Qc8 19.h3 Be6 20.f4 exf4 21.Rxf4 Qc5+ 22.Rf2 Qg5
23.Qxg5 fxg5 24.Nxg6 hxg6 25.Rf3 Rac8 26.Raf1 Be7 27.g4 Red8 28.Re1 Bc5+
29.Kh1 Bd4 30.Bc1 Rc5 31.Bf1 Rd7 32.Rd1 b6 33.Rfd3 Rxc4 34.Bxg5 Ra4 35.Bg2 f6
36.Bxf6 Bxf6 37.Rxd7 Bxd7 38.Rxd7 Rxa3 39.Bd5+ Kh8  1/2-1/2

[Event "Goodricke Open"]
[Site "Calcutta IND"]
[Date "2000.02.14"]
[Round "9"]
[White "Akopian,V"]
[Black "Korchnoi,V"]
[Result "1/2-1/2"]
[WhiteElo "2660"]
[BlackElo "2659"]

1.e4 e6 2.d4 d5 3.Nd2 Be7 4.Ngf3 Nf6 5.Bd3 c5 6.dxc5 dxe4 7.Nxe4 Nxe4 8.Bxe4 Qxd1+
9.Kxd1 Bxc5 10.Ke2 Nd7 11.Rd1 Ke7 12.c4 Nf6 13.Bc2 b6 14.b3 Bb7 15.Bb2 Rhd8
16.Ne5 h5 17.f3  1/2-1/2

[Event "Petroff Mem Open"]
[Site "St Petersburg RUS"]
[Date "2000.02.14"]
[Round "7"]
[White "Chehlov,A"]
[Black "Shliahtin,I"]
[Result "0-1"]
[WhiteElo "2248"]
[BlackElo "2314"]

1.e4 e6 2.d4 d5 3.Nd2 Nc6 4.Ngf3 Nf6 5.e5 Nd7 6.Bb5 Ncb8 7.O-O b6 8.Qe2 a5
9.c3 Ba6 10.a4 Qc8 11.Ng5 Be7 12.Nh3 c6 13.Bxa6 Qxa6 14.Qg4 g6 15.Nf4 Nf8
16.b3 h5 17.Qh3 Nbd7 18.Ba3 Bxa3 19.Rxa3 g5 20.Nd3 Ng6 21.f4 g4 22.Qe3 Ne7
23.f5 Nxf5 24.Rxf5 exf5 25.Ra1 O-O-O 26.Rf1 Nf8 27.Rxf5 Qb7 28.b4 axb4 29.cxb4 Ne6
30.Rf1 Qe7 31.Rf6 Rd7 32.Nb3 Ra7 33.a5 bxa5 34.Nxa5 Kd7 35.Qf2 Rf8 36.Qf5 Kc7
37.Qf2 Kd7 38.Qd2 Rc7 39.Qf2 Ke8 40.Qe3 Rg8 41.Nc5 Nxc5 42.bxc5 Rg6 43.Rf5 Ra7
44.Qc3 h4 45.Rh5 Kf8 46.Nb3 Kg7 47.Nd2 Rg5 48.Rxh4 Qe6 49.h3 Ra2 50.hxg4 Rxg4
51.Rh2 Qf5 52.Nf1 Qf2+  0-1

[Event "Petroff Mem Open"]
[Site "St Petersburg RUS"]
[Date "2000.02.14"]
[Round "7"]
[White "Chehlov,A"]
[Black "Shliahtin,I"]
[Result "0-1"]
[WhiteElo "2248"]
[BlackElo "2314"]

1.e4 e6 2.d4 d5 3.Nd2 Nc6 4.Ngf3 Nf6 5.e5 Nd7 6.Bb5 Ncb8 7.O-O b6 8.Qe2 a5
9.c3 Ba6 10.a4 Qc8 11.Ng5 Be7 12.Nh3 c6 13.Bxa6 Qxa6 14.Qg4 g6 15.Nf4 Nf8
16.b3 h5 17.Qh3 Nbd7 18.Ba3 Bxa3 19.Rxa3 g5 20.Nd3 Ng6 21.f4 g4 22.Qe3 Ne7
23.f5 Nxf5 24.Rxf5 exf5 25.Ra1 O-O-O 26.Rf1 Nf8 27.Rxf5 Qb7 28.b4 axb4 29.cxb4 Ne6
30.Rf1 Qe7 31.Rf6 Rd7 32.Nb3 Ra7 33.a5 bxa5 34.Nxa5 Kd7 35.Qf2 Rf8 36.Qf5 Kc7
37.Qf2 Kd7 38.Qd2 Rc7 39.Qf4 Ke8 40.Qe3 Rg8 41.Nc5 Nxc5 42.bxc5 Rg6 43.Rf5 Ra7
44.Qc3 h4 45.Rh5 Kf8 46.Nb3 Kg7 47.Nd2 Rg5 48.Rxh4 Qe6 49.h3 Ra2 50.hxg4 Rxg4
51.Rh2 Qf5 52.Nf1 Qf2+  0-1

[Event "Goodricke Open"]
[Site "Calcutta IND"]
[Date "2000.02.15"]
[Round "10"]
[White "Dhar,S"]
[Black "Tiwari,Ar"]
[Result "1/2-1/2"]
[WhiteElo "2185"]
[BlackElo "2318"]

1.e4 e6 2.d4 d5 3.Nd2 Nc6 4.Ngf3 Nf6 5.e5 Nd7 6.Bd3 f6 7.exf6 Qxf6 8.O-O Bd6
9.c4 O-O 10.Nb3 Nb4 11.c5 Nxd3 12.Qxd3 Bf4 13.Re1 g5 14.Bxf4 Qxf4 15.Qe3 g4
16.Ng5 Qxe3 17.Rxe3 Nf6 18.Rae1 b6 19.Nxe6 Bxe6 20.Rxe6 Ne4 21.Re2 Rae8 22.Rxe8 Rxe8
23.f3 gxf3 24.gxf3 Nf6 25.Rxe8+ Nxe8 26.Kf2 Ng7 27.Kg3 Kf7 28.Kf4 Kf6 29.cxb6 cxb6
30.Nc1 Nf5 31.Ne2 h6 32.Nc3 Nxd4 33.Nxd5+ Kf7 34.Ke4 Ne6 35.f4 Nc5+ 36.Kd4 Ke6
37.b4 Nb7 38.Ne3 Nd6 39.a4 h5 40.Nc4 Nb7 41.Ke4 a5 42.f5+ Kf6 43.Kf4 axb4
44.Nxb6 b3 45.Nd5+ Kf7 46.Kg5 b2 47.Nc3 Nc5 48.Nb1 Nxa4 49.Kxh5 Kf6 50.Kg4 Nb6
51.h4 Nc4 52.h5 Ne3+  1/2-1/2

[Event "Petroff Mem Open"]
[Site "St Petersburg RUS"]
[Date "2000.02.16"]
[Round "9"]
[White "Melnikov,D"]
[Black "Riazantsev,A"]
[Result "1/2-1/2"]
[WhiteElo "2185"]
[BlackElo "2442"]

1.e4 e6 2.d4 d5 3.Nd2 Nc6 4.Ngf3 Nf6 5.e5 Nd7 6.Bd3 Nb4 7.Be2 c5 8.c3 Nc6
9.O-O cxd4 10.cxd4 f6 11.Nb3 Be7 12.exf6 Nxf6 13.Bg5 O-O 14.Rc1 Ne4 15.Bxe7 Qxe7
16.Bd3 Nd6 17.Re1 Bd7 18.Ne5 Be8 19.Qg4 Rf6 20.Re2 Rh6 21.Nxc6 Bxc6 22.Nc5 Re8
23.Rce1 Bd7 24.Nxd7 Qxd7 25.f4 Rf6 26.Qh5 g6 27.Qe5 Rff8 28.b3 Nf7 29.Qf6 Nd8
30.Qg5 Qg7 31.Qe5 Qxe5 32.Rxe5 Kf7 33.g3 Re7 34.f5 gxf5 35.Bxf5 h6 36.Bh3 Rfe8
37.Rf1+ Kg7 38.Rfe1 Kf7 39.Rh5 Kg6 40.Rhe5 Kf7  1/2-1/2

[Event "FSGM February"]
[Site "Budapest HUN"]
[Date "2000.02.17"]
[Round "13"]
[White "Szabo,Zso2"]
[Black "Ni Hua"]
[Result "1/2-1/2"]
[WhiteElo "2429"]
[BlackElo "2390"]

1.e4 e6 2.d4 d5 3.Nd2 Be7 4.Ngf3 Nf6 5.Bd3 c5 6.exd5 Qxd5 7.dxc5 Nbd7 8.Nb3 O-O
9.c4 Qh5 10.c6 bxc6 11.O-O Rd8 12.Nfd4 Qxd1 13.Rxd1 Ne5 14.Be2 Bd7 15.h3 c5
16.Nf3 Ng6 17.Be3 Rdc8 18.Nfd2 Ba4 19.Nb1 Rab8 20.Nc3 Bxb3 21.axb3 Rxb3 22.Bc1 Ne5
23.Rxa7 Nc6 24.Ra2 Nd4 25.Bf1 Kf8 26.Ra7 Bd6 27.g3 Bb8 28.Ra8 Nd7 29.Na4 e5
30.Bg2 Ke7 31.Bd5 Rc7 32.Kg2 Ra7 33.Rxa7 Bxa7 34.f4 Ne2 35.fxe5 Nxc1 36.Rxc1 Rb4
37.Bc6 Nxe5 38.Bb5 h5 39.Rc3 Nxc4 40.Bxc4 Rxa4 41.Re3+ Kd6 42.b3 Ra3 43.Rd3+ Ke7
44.Re3+ Kf8 45.Rf3 f6 46.Rf5 Ra2+ 47.Rf2 Ra5 48.Rf5 Ra2+ 49.Rf2 Ra5 50.Rf5 h4
51.gxh4  1/2-1/2

[Event "8th Valle d'Aosta Open"]
[Site "Saint Vincent ITA"]
[Date "2000.02.17"]
[Round "6"]
[White "Calzetta,M"]
[Black "Sedina,E"]
[Result "0-1"]
[WhiteElo "2267"]
[BlackElo "2419"]

1.e4 e6 2.d4 d5 3.Nd2 Nc6 4.Ngf3 Nf6 5.e5 Nd7 6.Be2 Na5 7.O-O c5 8.c3 cxd4
9.cxd4 Nb6 10.Bd3 Bd7 11.h4 h6 12.h5 Nc6 13.Re1 Nb4 14.Bb1 Bb5 15.Nf1 a5
16.Ne3 a4 17.Nf5 Nc4 18.Nd6+ Nxd6 19.exd6 Bxd6 20.Ne5 Bxe5 21.Rxe5 Nc6 22.Re1 Qf6
23.Be3 O-O 24.Qc2 Rfc8 25.Qh7+ Kf8 26.Rc1 Ke7 27.Bd3 Rh8 28.Qxh8 Rxh8 29.Bxb5 Kd6
30.Bxa4 Nxd4 31.Bd1 Ra8 32.a4 Ra6 33.b4 Rc6 34.b5 Rc4 35.Rcb1 Nc2 36.Bxc2 Rxc2
37.a5 Rb2 38.a6 Rxb1+ 39.Rxb1 Qd8 40.a7 e5 41.Bb6 Qa8 42.Rc1 Ke6 43.Rc7 d4
44.f3 f5 45.Rxg7 d3 46.Kf2 f4 47.Ke1 Qf8 48.Rg6+ Kd5 49.Ba5 Kc4 50.b6 Qc5
51.Kf1 Qxa5 52.Rg8 Qa1+ 53.Kf2 Qd4+  0-1

[Event "ch-YUG (women) qualifier"]
[Site "Kragujevac YUG"]
[Date "2000.02.22"]
[Round "4"]
[White "Medjedovic,J"]
[Black "Boskovic,Ma"]
[Result "0-1"]
[WhiteElo "2105"]
[BlackElo "2050"]

1.e4 e6 2.d4 d5 3.Nd2 Be7 4.Bd3 Nf6 5.e5 Nfd7 6.Ne2 c5 7.c3 Nc6 8.O-O O-O
9.f4 f5 10.exf6 Nxf6 11.Nf3 Qb6 12.Kh1 Bd7 13.Ng3 cxd4 14.cxd4 Rad8 15.a3 Na5
16.Bc2 Nc4 17.Ne5 Be8 18.b3 Nd6 19.Bb2 g6 20.Rc1 Nf5 21.Rf3 Kg7 22.Bb1 Nxg3+
23.Rxg3 Bd6 24.h4 Kh8 25.Rf3 Nh5 26.g3 Kg8 27.Kg2 Nf6 28.Re3 Bxe5 29.fxe5 Ne4
30.Rf3 Bd7 31.Bxe4 dxe4 32.Re3 Bc6 33.Qg4 Bd5 34.h5 Kg7 35.Rec3 Rf7 36.hxg6 hxg6
37.Rh1 e3+ 38.Kg1 Bxh1 39.Kxh1 Qxd4 40.Qg5 Qe4+ 41.Kg1 Rd1+  0-1

[Event "16th open"]
[Site "Cappelle La Grande FRA"]
[Date "2000.02.23"]
[Round "6"]
[White "Shaw,J"]
[Black "Kruppa,Y"]
[Result "0-1"]
[WhiteElo "2392"]
[BlackElo "2561"]

1.e4 e6 2.d4 d5 3.Nd2 Nc6 4.Ngf3 Nf6 5.e5 Nd7 6.Bb5 Be7 7.Nb3 a5 8.a4 Na7
9.Bxd7+ Qxd7 10.Nxa5 b6 11.Nb3 Ba6 12.Bg5 O-O 13.Bxe7 Qxe7 14.Qd2 Nc6 15.Nc1 f6
16.Ne2 fxe5 17.Nxe5 Qh4 18.g3 Nxe5 19.Qe3 Nf3+ 20.Qxf3 Rxf3 21.gxh4 Raf8
22.Rf1 Rh3 23.a5 Rb8 24.Rh1 Rxh4 25.f4 bxa5 26.Rxa5 Rxb2 27.Kd2 Bxe2 28.Kxe2 Rxc2+
29.Kd3 Rc4  0-1

[Event "ch-Serbia"]
[Site "Kragujevac YUG"]
[Date "2000.02.25"]
[Round "7"]
[White "Brkljaca,A"]
[Black "Kekenj,A"]
[Result "1-0"]
[WhiteElo "2353"]
[BlackElo "2277"]

1.e4 e6 2.d4 d5 3.Nd2 Nc6 4.Ngf3 Nf6 5.e5 Nd7 6.Be2 f6 7.exf6 Nxf6 8.b3 Bd6
9.Bb2 O-O 10.O-O Ng4 11.h3 Nh6 12.Ne5 Nxe5 13.dxe5 Bc5 14.Nf3 Nf5 15.Kh2 Bd7
16.Bd3 Be8 17.g4 Nh6 18.Kg3 Nf7 19.Qe2 Nh8 20.Ne1 g5 21.Ng2 Ng6 22.Bxg6 Bxg6
23.f4 Be4 24.fxg5 Qxg5 25.Nf4 Rae8 26.h4 Qd8 27.Nh5 Be7 28.g5 h6 29.Nf6+ Bxf6
30.gxf6 Kh7 31.Kh3 Qd7 32.Ba3 c5 33.Bxc5 Qc7 34.Bd4 Qxc2 35.Qxc2 Bxc2 36.Rg1 Bf5+
37.Kh2 Rc8 38.Rg7+ Kh8 39.Rag1 Be4 40.Kg3 Rc2 41.Kf4 Rh2 42.Bc5 Rc8 43.f7 Rxh4+
44.Ke3 d4+ 45.Ke2 d3+ 46.Ke3 Bh7 47.f8=Q+ Rxf8 48.Bxf8 Re4+ 49.Kf3 d2 50.R7g2  1-0

[Event "NED-chT"]
[Site "Hengelo NED"]
[Date "2000.02.26"]
[Round "3"]
[White "Blees,A"]
[Black "Sielecki,C"]
[Result "1-0"]
[WhiteElo "2402"]
[BlackElo "2416"]

1.e4 e6 2.d4 d5 3.Nd2 a6 4.Ngf3 c5 5.exd5 exd5 6.Be2 Nf6 7.O-O Be7 8.dxc5 Bxc5
9.Nb3 Bb6 10.Bg5 O-O 11.c3 Re8 12.Qc2 h6 13.Bh4 g5 14.Bg3 Ne4 15.Nfd4 Nc6
16.Rad1 Qf6 17.Bf3 Bf5 18.Nxf5 Qxf5 19.Bxe4 dxe4 20.Nd2 Re6 21.Nc4 Ba7 22.Qb3 b5
23.Nd6 Qc5 24.Rd5 Na5 25.Rxc5 Nxb3 26.Rc8+ Rxc8 27.Nxc8 Nd2 28.Rd1 e3 29.Nxa7 e2
30.Re1 Nc4 31.Nc6 Rxc6 32.Rxe2 f5 33.f3 Kf7 34.h4 f4 35.Bf2 Ne3 36.Bxe3 Re6
37.hxg5 hxg5 38.Kf2 fxe3+ 39.Rxe3 Rc6 40.Ke2 Kf6 41.Re4  1-0

[Event "Oz.com qualifier blitz"]
[Site "Internet ICC"]
[Date "2000.03.05"]
[Round "3"]
[White "Adla,D"]
[Black "Short,N"]
[Result "0-1"]
[WhiteElo "2492"]
[BlackElo "2683"]

1.e4 e6 2.d4 d5 3.Nd2 Be7 4.Ngf3 Nf6 5.Bd3 c5 6.exd5 Qxd5 7.dxc5 Nbd7 8.O-O O-O
9.Qe2 Nxc5 10.Bc4 Qh5 11.b3 b6 12.Bb2 Bb7 13.Rfe1 Rfd8 14.Rad1 Rac8 15.h3 Nd5
16.Nd4 Qg6 17.Bxd5 Rxd5 18.N2f3 Bf6 19.c4 Re5 20.Qd2 Rxe1+ 21.Nxe1 Rd8 22.Qe2 h6
23.Rd2 Qe4 24.Qd1 e5 25.Ndf3 Rxd2 26.Qxd2 Kh7 27.Kh2 Qf5 28.Qe3 e4 29.Bxf6 exf3
30.Bd4 fxg2 31.Bxc5 bxc5 32.Nxg2 g5 33.Ne1 Qe4 34.Qxe4+ Bxe4 35.Kg3 Kg6 36.a3 f5
37.f4 a5 38.Nf3 Bxf3 39.Kxf3 Kf6 40.Kg3 gxf4+ 41.Kxf4 Ke6 42.h4 Kf6 43.h5 Ke6
44.Ke3 Ke5 45.Kd3 f4 46.Ke2 Kd4 47.Kf3 Kc3 48.Kxf4 Kxb3 49.Kf5 Kxa3 50.Kg6 a4
51.Kxh6 Kb4 52.Kg7 a3 53.h6 a2 54.h7 a1=Q+ 55.Kg8  0-1

[Event "Oz.com qualifier blitz"]
[Site "Internet ICC"]
[Date "2000.03.05"]
[Round "3"]
[White "Adams,Mi"]
[Black "Soza,J"]
[Result "1-0"]
[WhiteElo "2715"]
[BlackElo "2165"]

1.e4 e6 2.d4 d5 3.Nd2 Be7 4.Bd3 c5 5.dxc5 Nf6 6.Qe2 Nc6 7.Ngf3 O-O 8.e5 Nd7
9.Nb3 Nxc5 10.Nxc5 Qa5+ 11.c3 Qxc5 12.h4 f6 13.exf6 Bxf6 14.Ng5 h6 15.Nh7 Bd7
16.Nxf8 Rxf8 17.Bd2 e5 18.Bg6 e4 19.h5 Ne5 20.Be3 Qa5 21.O-O Bb5 22.b4 Bxe2
23.bxa5 Bxf1 24.Rxf1 Nxg6 25.hxg6 Bxc3 26.Bxa7 Bxa5 27.Rb1 b6 28.Rb5 Rf6
29.Rxd5 Rxg6 30.Re5 Rg4 31.Rb5 Rg6 32.Re5 Rg4 33.Rb5 Rg6 34.Re5 Rc6 35.Rxe4 Rc1+
36.Kh2 Rc2 37.Re8+ Kf7 38.Rb8 Rxa2 39.Bxb6 Rb2 40.Rb7+ Ke8 41.Rb8+ Kd7 42.Rd8+ Ke7
43.Bxa5 Rxf2 44.Ra8 Kf7 45.Bc3 Rc2 46.Ra7+ Ke6 47.Bxg7 h5 48.Ra5 Kf7 49.Rg5 Rc4
50.Be5 Ke6 51.Rxh5 Rc5 52.Kh3 Rxe5 53.Rxe5+ Kxe5 54.Kg4 Kf6 55.Kh5 Kg7 56.Kg5 Kf7
57.Kh6 Kg8 58.Kg6 Kf8 59.g4 Kg8 60.g5 Kh8 61.Kf7  1-0

[Event "Oz.com qualifier blitz"]
[Site "Internet ICC"]
[Date "2000.03.05"]
[Round "4"]
[White "Tissir,M"]
[Black "Antic,D"]
[Result "0-1"]
[WhiteElo "2311"]
[BlackElo "2491"]

1.e4 e6 2.d4 d5 3.Nd2 Be7 4.e5 c5 5.dxc5 Nc6 6.Qg4 Kf8 7.Ngf3 f6 8.exf6 Nxf6
9.Qf4 Bxc5 10.Bd3 e5 11.Nxe5 Qe8 12.Nf3 Bd6 13.O-O Nxe5 14.Nxe5 Qxe5 15.Qh4 Qh5
16.Qxh5 Nxh5 17.Be3 Nf4 18.Rad1 Be6 19.Rfe1 Nxd3 20.Rxd3 Kf7 21.Bd4 Rhe8
22.Rf3+ Kg8 23.Rfe3 Bd7 24.Bxa7 Rxe3 25.Bxe3 Rxa2 26.Bd4 Kf7 27.f3 Bf5 28.g4 Bxc2
29.Rc1 Ba4 30.Rc8 Bc6 31.Rh8 Ra4 32.Bf2 h6  0-1

[Event "Dos Hermanas Qualifier"]
[Site "Internet ICC"]
[Date "2000.03.18"]
[Round "2.1"]
[White "Giaccio,A"]
[Black "Bhat,V"]
[Result "1/2-1/2"]
[WhiteElo "2508"]
[BlackElo "2398"]

1.e4 e6 2.d4 d5 3.Nd2 Be7 4.Ngf3 Nf6 5.Bd3 c5 6.c3 Nc6 7.dxc5 dxe4 8.Nxe4 Nxe4
9.Bxe4 Qxd1+ 10.Kxd1 Bxc5 11.Ke2 f6 12.Be3 Bxe3 13.Kxe3 e5 14.Rhd1 Be6 15.b3 Ke7
16.Rd2 g6 17.Bxc6 bxc6 18.Rad1 Rhd8 19.Rxd8 Rxd8 20.Rxd8 Kxd8 21.Nd2 Ke7
22.a3 g5 23.b4 f5 24.g3 h5 25.f4 exf4+ 26.gxf4 g4 27.Kf2 h4 28.Nf1 Bc4 29.Ne3 Bd3
30.Ng2 h3 31.Ne3 Kd6 32.Kg3  1/2-1/2

[Event "NED-chT"]
[Site "Leeuwarden NED"]
[Date "2000.03.19"]
[Round "6"]
[White "Van Wessel,R"]
[Black "Pliester,L"]
[Result "0-1"]
[WhiteElo "2309"]
[BlackElo "2351"]

1.e4 e6 2.d4 d5 3.Nd2 Be7 4.Ngf3 Nf6 5.Bd3 c5 6.e5 Nfd7 7.c3 Nc6 8.O-O Qb6
9.dxc5 Nxc5 10.Bc2 O-O 11.Nb3 Ne4 12.Qe2 f5 13.exf6 Nxf6 14.Bg5 Bd7 15.Nbd4 Rae8
16.Nxc6 bxc6 17.Ne5 Bc8 18.Kh1 Bd6 19.Bxf6 Rxf6 20.Bxh7+ Kxh7 21.Qh5+ Rh6
22.Qxe8 Bxe5 23.Qxc8 Bxh2 24.g3 Bxg3+ 25.Kg2 Qxb2 26.Qf8 Rg6 27.Kh1 Qxc3
28.Rg1 Rh6+  0-1

[Event "AB Puchko Mem"]
[Site "Alushta UKR"]
[Date "2000.03.20"]
[Round "2"]
[White "Sulypa,A"]
[Black "Kononenko,T"]
[Result "1/2-1/2"]
[WhiteElo "2449"]
[BlackElo "2374"]

1.e4 e6 2.d4 d5 3.Nd2 Be7 4.e5 b6 5.Qg4 g6 6.Bb5+ c6 7.Ba4 Ba6 8.c3 h5 9.Qd1 Nh6
10.Ne2 Qc7 11.O-O Nd7 12.Re1 c5 13.Nf3 Nf5 14.Ng3 Nh4 15.Ng5 Kf8 16.Qd2 Rc8
17.Qf4 Nf5 18.Nxf5 gxf5 19.Bd2 h4 20.Rac1 Kg7 21.Qf3 Nf8 22.a3 Ng6 23.Bb3 Qd8
24.Nh3 Rc7 25.Nf4  1/2-1/2

[Event "AB Puchko Mem"]
[Site "Alushta UKR"]
[Date "2000.03.23"]
[Round "5"]
[White "Kozakov,M"]
[Black "Gaprindashvili,V"]
[Result "1/2-1/2"]
[WhiteElo "2426"]
[BlackElo "2446"]

1.e4 e6 2.d4 d5 3.Nd2 Be7 4.Ngf3 Nf6 5.Bd3 c5 6.dxc5 dxe4 7.Bxe4 Na6 8.O-O Nxc5
9.Qe2 Qc7 10.c4 Nfxe4 11.Nxe4 O-O 12.b3 b6 13.Nxc5 Bxc5 14.Bb2 Bb7 15.Kh1 Qf4
16.Ne5 Bd6 17.f3 f6 18.Ng4 Rae8 19.Rad1 Bb8 20.Bc1 Qf5 21.Ba3 Rf7 22.Bd6 Bxd6
23.Rxd6 h5 24.Nf2 e5 25.Ne4 Qg6 26.Rfd1 Bxe4 27.fxe4 h4 28.h3 Qg5 29.Qg4 Qxg4
30.hxg4 Kh7 31.Rf1 Ree7 32.Kh2 Rd7 33.Rd5 Rc7 34.Kh3 g5 35.g3 hxg3 36.Kxg3 Kg6
37.Rfd1 Rfe7 38.Rd8 Kf7 39.R8d6 Re6 40.R6d5 Rec6 41.Rh1 Ke6 42.Kf3 Rb7 43.Ke3 Rcc7
44.Kf3 Rh7 45.Rh5 Rxh5 46.gxh5 f5 47.exf5+ Kxf5 48.Rd8 e4+ 49.Ke3 Re7 50.Rg8 Rh7
51.Rf8+ Kg4 52.Kxe4 Kxh5 53.b4 g4 54.Rg8 Re7+ 55.Kd5 Re2 56.a4 Rd2+ 57.Kc6 Rb2
58.Kb5 a5 59.Kxb6 axb4  1/2-1/2

[Event "21st Open A"]
[Site "Bled SLO"]
[Date "2000.03.26"]
[Round "2"]
[White "Kutuzovic,B"]
[Black "Wiley,To"]
[Result "1-0"]
[WhiteElo "2432"]
[BlackElo "2294"]

1.e4 e6 2.d4 d5 3.Nd2 Be7 4.Bd3 c5 5.dxc5 Nc6 6.Ngf3 Nf6 7.Qe2 Bxc5 8.O-O Qc7
9.c3 Bd7 10.e5 Ng4 11.Nb3 Bb6 12.Bf4 f6 13.Rae1 O-O 14.Nbd4 Ngxe5 15.Nxe5 Nxe5
16.Qh5 h6 17.Rxe5 fxe5 18.Bxe5 Be8 19.Qe2 Qe7 20.Re1 Bxd4 21.Bxd4 Qg5 22.g3 Bf7
23.f4 Qd8 24.Qg4 g5 25.Rxe6 Bxe6 26.Qxe6+ Rf7 27.Bh7+ Kf8 28.Bc5+  1-0

[Event "21st Open A"]
[Site "Bled SLO"]
[Date "2000.03.26"]
[Round "2"]
[White "Vaculik,M"]
[Black "Furlan,M"]
[Result "1/2-1/2"]
[WhiteElo "2169"]
[BlackElo "2362"]

1.e4 e6 2.d4 d5 3.Nd2 Nc6 4.Ngf3 Nf6 5.e5 Nd7 6.Be2 Be7 7.Nf1 f6 8.exf6 Nxf6
9.Ne3 Bd6 10.O-O O-O 11.b3 b6 12.c4 Bb7 13.Bb2 Bf4 14.Qd3 Nb4 15.Qc3 a5 16.a3 Nc6
17.g3 Bh6 18.Qd3 g6 19.Ne5 Nxe5 20.dxe5 Ne4 21.cxd5 exd5 22.f4 Nc5 23.Qc2 Qe7
24.Rad1 Rad8 25.Ng4 Bg7 26.h4 Ne4 27.Kh2 c5 28.Bd3 Qe6 29.Ne3 Kh8 30.Qg2  1/2-1/2

[Event "21st Open A"]
[Site "Bled SLO"]
[Date "2000.03.26"]
[Round "2"]
[White "Pavasovic,D"]
[Black "Soln,P"]
[Result "1/2-1/2"]
[WhiteElo "2544"]
[BlackElo "2382"]

1.e4 e6 2.d4 d5 3.Nd2 Nc6 4.Ngf3 Nf6 5.e5 Nd7 6.Bd3 Nb4 7.Be2 c5 8.c3 Nc6
9.O-O a5 10.a4 cxd4 11.cxd4 Nb4 12.Nb1 Be7 13.Nc3 Nb8 14.Ne1 N8c6 15.Be3 Qb6
16.Rc1 O-O 17.f4 f6 18.exf6 Bxf6 19.Nf3 Bd7 20.Qd2 Be8 21.Nb5 Bh5 22.h3 Rad8
23.g4 Bg6 24.Ne5 Bxe5 25.dxe5 d4 26.Bf2 Nd5 27.Bxd4 Rxf4 28.Rxf4 Nxf4 29.Qxf4 Nxd4
30.Nxd4 Rxd4 31.Qf2 Qd8 32.Bc4 Rd1+ 33.Rxd1 Qxd1+ 34.Kh2 Qd7 35.Kg3 Be4 36.Qc5 Bd5
37.Bb5 Qf7 38.Be2 g5 39.Qe3  1/2-1/2

[Event "Bundesliga 1999-2000"]
[Site "Godesberg GER"]
[Date "2000.03.26"]
[Round "13"]
[White "Klundt,K"]
[Black "Schmidt,Bo"]
[Result "1/2-1/2"]
[WhiteElo "2398"]
[BlackElo "2383"]

1.e4 e6 2.d4 d5 3.Nd2 Be7 4.Ngf3 Nf6 5.Bd3 c5 6.exd5 Qxd5 7.dxc5 Nbd7 8.Nb3 Nxc5
9.Nxc5 Qxc5 10.O-O O-O 11.Qe2 Qh5 12.Ne5 Qxe2 13.Bxe2 Bd6 14.Nc4 Bc7 15.Rd1 Bd7
16.Bf3 Bc6 17.Bxc6 bxc6 18.Bd2 Rab8 19.b3 Rb5 20.Be3 a6 21.Bd4 Rd5 22.Ne3 Rdd8
23.Kf1 Nd5 24.c4 Nxe3+ 25.Bxe3 Rxd1+ 26.Rxd1 Rd8 27.Rxd8+ Bxd8 28.Bc5 Bc7
29.b4 f5 30.a4 Kf7 31.a5 Ke8 32.b5 Kd7 33.bxa6 Kc8 34.Bb6 Bd6 35.Ke2 g5 36.h3 h5
37.f3 Be5 38.Kd3 Kb8 39.Be3 Bf6 40.Kc2 Bd8 41.Bb6 Bf6 42.Kb3 Be5 43.Bc5 Bf4
44.Kc3 Be5+ 45.Kd3 Bf6 46.Be3 Ka8 47.Bb6 Kb8 48.g4 hxg4 49.hxg4 Ka8  1/2-1/2

[Event "Cat XI Spring"]
[Site "Kiev UKR"]
[Date "2000.03.26"]
[Round "5"]
[White "Vorobiov,E"]
[Black "Kruppa,Y"]
[Result "0-1"]
[WhiteElo "2500"]
[BlackElo "2561"]

1.e4 e6 2.d4 d5 3.Nd2 Nc6 4.Ngf3 Nf6 5.e5 Nd7 6.Be2 Be7 7.O-O f6 8.Bb5 fxe5
9.dxe5 O-O 10.Re1 Qe8 11.c4 a6 12.cxd5 axb5 13.dxc6 Nc5 14.Nb3 Nxb3 15.Qxb3 bxc6
16.Qc2 c5 17.Bg5 Rxf3 18.Bxe7 Rf4 19.Bg5 Rg4 20.f4 Bb7 21.Re2 Qh5 22.Qd3 c4
23.Qe3 h6 24.h3 Rxg2+ 25.Rxg2 Bxg2 26.Kxg2 hxg5 27.Qf3 Qxf3+ 28.Kxf3 Rf8
29.a4 Rxf4+ 30.Kg3 c3 31.b3 Rb4 32.a5 Rxb3 33.Kg4 Rb4+ 34.Kh5 c2 35.Rc1 Rb2
36.a6 Ra2 37.a7 Rxa7 38.Rxc2 Kh7  0-1

[Event "21st Open A"]
[Site "Bled SLO"]
[Date "2000.03.29"]
[Round "5"]
[White "Rogic,D"]
[Black "Soln,P"]
[Result "1-0"]
[WhiteElo "2494"]
[BlackElo "2382"]

1.e4 e6 2.d4 d5 3.Nd2 Nc6 4.Ngf3 Nf6 5.e5 Nd7 6.Be2 f6 7.exf6 Qxf6 8.Nf1 Bd6
9.Ne3 b6 10.O-O Bb7 11.Ng4 Qf5 12.h3 O-O-O 13.Re1 h5 14.Bd3 Qf8 15.Nge5 Ncxe5
16.dxe5 Be7 17.a4 a6 18.Bg6 Qg8 19.Bg5 Bxg5 20.Nxg5 Rf8 21.Ra3 Rh6 22.Bxh5 Rf5
23.Rg3 g6 24.Be2 Nxe5 25.Qd2 Rh4 26.Bg4 Nxg4 27.Rxg4 Qh8 28.Rxe6 Rxg4 29.hxg4 Rf8
30.b3 Qh4 31.f3 Rh8 32.Nh3 Kb8 33.Qg5 Qg3 34.Qe5 Qh4 35.Rxb6 Ka7 36.Rxg6  1-0

[Event "Cat XI Spring"]
[Site "Kiev UKR"]
[Date "2000.03.29"]
[Round "8"]
[White "Vysochin,S"]
[Black "Kosikov,A"]
[Result "1-0"]
[WhiteElo "2494"]
[BlackElo "2460"]

1.e4 e6 2.d4 d5 3.Nd2 Nc6 4.Ngf3 Nf6 5.e5 Nd7 6.Be2 Na5 7.O-O Be7 8.Re1 c5
9.c4 b6 10.cxd5 exd5 11.dxc5 bxc5 12.Nf1 d4 13.b4 cxb4 14.e6 fxe6 15.Nxd4 Nf6
16.Bf3 Bb7 17.Qa4+ Kf7 18.Nxe6 Qb6 19.Ng5+ Kf8 20.Be3 Qa6 21.Bxb7  1-0